Normal view
MARC view
- Koch, Magaly.
Entry Personal Name
001 - CONTROL NUMBER
- control field: 26519
003 - CONTROL NUMBER IDENTIFIER
- control field: NUST
005 - DATE AND TIME OF LATEST TRANSACTION
- control field: 20191205131726.0
008 - FIXED-LENGTH DATA ELEMENTS
- fixed length control field: 191205|| aca||aabn | a|a d
040 ## - CATALOGING SOURCE
- Original cataloging agency: NUST
- Transcribing agency: NUST
100 ## - HEADING--PERSONAL NAME
- Personal name: Koch, Magaly.
670 ## - SOURCE DATA FOUND
- Source citation: Work cat.: (NUST)0: Mather, Paul M. 26516, Computer processing of remotely-sensed images :, 2011.
